{"text_format":"3","workbook":"xlsx","n_sheets":1,"sheets":["t96"],"read":"whole","date_system":"1900"}

{"sheet":"t96","index":0,"n_rows":201,"n_cols":7,"rows_kept":201,"merged":[[0,0,0,6],[30,0,30,5],[49,0,49,5],[156,0,156,5]]}
["TABELA 96.1 - Estatísticas Agrícolas, Município de Cabreúva, Estado de São Paulo, 2007/08."]
["ITEM","UNIDADE","N.DE UPAs","MÍNIMO","MÉDIO","MÁXIMO","TOTAL"]
["Distância à sede do município","km",223,{"v":1,"d":"1.0"},{"v":9.33,"d":"9.3"},{"v":30,"d":"30.0"},"-"]
["Área total","hectare",223,0.1,{"v":103.24,"d":"103.2"},{"v":2662,"d":"2,662.0"},{"v":23021.7,"d":"23,021.7"}]
["Área com cultura perene","hectare",28,0.2,{"v":8.51,"d":"8.5"},{"v":191,"d":"191.0"},238.2]
["Área com cultura temporária","hectare",68,0.1,{"v":11.34,"d":"11.3"},193.6,771.2]
["Área com pastagem","hectare",183,0.3,{"v":55.25,"d":"55.3"},{"v":2125,"d":"2,125.0"},{"v":10111.6,"d":"10,111.6"}]
["Área com reflorestamento","hectare",89,0.1,{"v":20.69,"d":"20.7"},314.6,{"v":1841,"d":"1,841.0"}]
["Área com vegetação natural","hectare",158,0.1,{"v":58.71,"d":"58.7"},{"v":1572,"d":"1,572.0"},{"v":9276,"d":"9,276.0"}]
["Área com vegetação de brejo e várzea","hectare",5,0.5,{"v":5.08,"d":"5.1"},{"v":10,"d":"10.0"},25.4]
["Área em descanso","hectare",21,0.2,{"v":13.95,"d":"14.0"},161.7,292.9]
["Área complementar","hectare",166,0.1,2.8,{"v":42,"d":"42.0"},465.4]
["Área das UPAs com (0, 1] ha","hectare",6,0.1,{"v":0.77,"d":"0.8"},{"v":1,"d":"1.0"},4.6]
["Área das UPAs com (1, 2] ha","hectare",9,1.2,1.8,{"v":2,"d":"2.0"},16.2]
["Área das UPAs com (2, 5] ha","hectare",26,2.4,{"v":3.77,"d":"3.8"},{"v":5,"d":"5.0"},98.1]
["Área das UPAs com (5, 10] ha","hectare",44,5.4,7.4,{"v":10,"d":"10.0"},325.6]
["Área das UPAs com (10, 20] ha","hectare",38,10.1,{"v":14.71,"d":"14.7"},{"v":20,"d":"20.0"},558.9]
["Área das UPAs com (20, 50] ha","hectare",39,20.5,34.9,{"v":50,"d":"50.0"},{"v":1361,"d":"1,361.0"}]
["Área das UPAs com (50, 100] ha","hectare",16,53.8,{"v":73.94,"d":"73.9"},{"v":100,"d":"100.0"},{"v":1183,"d":"1,183.0"}]
["Área das UPAs com (100, 200] ha","hectare",20,111.2,153.7,{"v":200,"d":"200.0"},{"v":3073.9,"d":"3,073.9"}]
["Área das UPAs com (200, 500] ha","hectare",17,{"v":202,"d":"202.0"},{"v":316.51,"d":"316.5"},{"v":448,"d":"448.0"},{"v":5380.7,"d":"5,380.7"}]
["Área das UPAs com (500, 1.000] ha","hectare",3,508.2,{"v":652.23,"d":"652.2"},{"v":800,"d":"800.0"},{"v":1956.7,"d":"1,956.7"}]
["Área das UPAs com (1.000, 2.000] ha","hectare",4,{"v":1331,"d":"1,331.0"},{"v":1600.25,"d":"1,600.3"},{"v":1936,"d":"1,936.0"},{"v":6401,"d":"6,401.0"}]
["Área das UPAs com (2.000, 5.000] ha","hectare",1,{"v":2662,"d":"2,662.0"},{"v":2662,"d":"2,662.0"},{"v":2662,"d":"2,662.0"},{"v":2662,"d":"2,662.0"}]
["Área das UPAs com (5.000, 10.000] ha","hectare","-","-","-","-","-"]
["Área das UPAs acima de 10.000 ha","hectare","-","-","-","-","-"]
["Familiares do proprietário que trabalham na UPA","unidade",75,{"v":1,"d":"1.0"},{"v":2.64,"d":"2.6"},{"v":15,"d":"15.0"},{"v":198,"d":"198.0"}]
["Trabalhadores permanentes","unidade",155,{"v":1,"d":"1.0"},{"v":5.79,"d":"5.8"},{"v":150,"d":"150.0"},{"v":897,"d":"897.0"}]
["Fonte: Secretaria de Agricultura e Abastecimento, CDRS/IEA, Projeto LUPA."]
[]
["TABELA 96.2 - Explorações Animais, Município de Cabreúva, Estado de São Paulo, 2007/08."]
["ITEM","UNIDADE","N.DE UPAs","MÍNIMO","MÉDIO","MÁXIMO","TOTAL"]
["Apicultura","colmeias",2,{"v":3,"d":"3.0"},{"v":12,"d":"12.0"},{"v":21,"d":"21.0"},{"v":24,"d":"24.0"}]
["Avestruzes e Ema (Criadouro)","cabeças",1,{"v":2,"d":"2.0"},{"v":2,"d":"2.0"},{"v":2,"d":"2.0"},{"v":2,"d":"2.0"}]
["Avicultura de Corte","cabeças/ano",42,{"v":480,"d":"480.0"},{"v":105970.95,"d":"105,971.0"},{"v":640000,"d":"640,000.0"},{"v":4450780,"d":"4,450,780.0"}]
["Avicultura Ornamental/Decorativa/Exótica","cabeças",6,{"v":2,"d":"2.0"},{"v":20.17,"d":"20.2"},{"v":37,"d":"37.0"},{"v":121,"d":"121.0"}]
["Avicultura para Ovos","cabeças",11,{"v":10,"d":"10.0"},{"v":1863.64,"d":"1,863.6"},{"v":20000,"d":"20,000.0"},{"v":20500,"d":"20,500.0"}]
["Bovinocultura de Corte","cabeças",32,{"v":2,"d":"2.0"},{"v":141.28,"d":"141.3"},{"v":572,"d":"572.0"},{"v":4521,"d":"4,521.0"}]
["Bovinocultura Leiteira","cabeças",24,{"v":1,"d":"1.0"},12.5,{"v":50,"d":"50.0"},{"v":300,"d":"300.0"}]
["Bovinocultura Mista","cabeças",84,{"v":2,"d":"2.0"},{"v":35.95,"d":"36.0"},{"v":263,"d":"263.0"},{"v":3020,"d":"3,020.0"}]
["Caprinocultura","cabeças",3,{"v":6,"d":"6.0"},{"v":12,"d":"12.0"},{"v":20,"d":"20.0"},{"v":36,"d":"36.0"}]
["Equinocultura","cabeças",57,{"v":1,"d":"1.0"},{"v":9.19,"d":"9.2"},{"v":100,"d":"100.0"},{"v":524,"d":"524.0"}]
["Javalis (Criadouro)","cabeças",1,{"v":25,"d":"25.0"},{"v":25,"d":"25.0"},{"v":25,"d":"25.0"},{"v":25,"d":"25.0"}]
["Outra Exploração Animal","cabeças",3,{"v":15,"d":"15.0"},{"v":138.33,"d":"138.3"},{"v":200,"d":"200.0"},{"v":415,"d":"415.0"}]
["Ovinocultura","cabeças",6,{"v":10,"d":"10.0"},{"v":249.17,"d":"249.2"},{"v":1300,"d":"1,300.0"},{"v":1495,"d":"1,495.0"}]
["Piscicultura","m² tanques",4,{"v":500,"d":"500.0"},{"v":6875,"d":"6,875.0"},{"v":15000,"d":"15,000.0"},{"v":27500,"d":"27,500.0"}]
["Suinocultura","cabeças",8,{"v":2,"d":"2.0"},{"v":8.75,"d":"8.8"},{"v":20,"d":"20.0"},{"v":70,"d":"70.0"}]
["Fonte: Secretaria de Agricultura e Abastecimento, CDRS/IEA, Projeto LUPA."]
[]
["TABELA 96.3 -  Máquinas, Implementos e Benfeitorias, Município de Cabreúva, Estado de São Paulo, 2007/08."]
["ITEM","UNIDADE","N.DE UPAs","MÍNIMO","MÉDIO","MÁXIMO","TOTAL"]
["Arado Comum (Bacia, Aiveca)","Unidade",30,{"v":1,"d":"1.0"},1.2,{"v":3,"d":"3.0"},{"v":36,"d":"36.0"}]
["Arado Escarificador","Unidade",39,{"v":1,"d":"1.0"},{"v":1.13,"d":"1.1"},{"v":2,"d":"2.0"},{"v":44,"d":"44.0"}]
["Arado Subsolador","Unidade",4,{"v":1,"d":"1.0"},{"v":1,"d":"1.0"},{"v":1,"d":"1.0"},{"v":4,"d":"4.0"}]
["Batedeira de Cereais","Unidade",6,{"v":1,"d":"1.0"},{"v":1,"d":"1.0"},{"v":1,"d":"1.0"},{"v":6,"d":"6.0"}]
["Câmara Fria","Unidade",3,{"v":1,"d":"1.0"},{"v":1,"d":"1.0"},{"v":1,"d":"1.0"},{"v":3,"d":"3.0"}]
["Colhedeira Acoplada","Unidade",1,{"v":1,"d":"1.0"},{"v":1,"d":"1.0"},{"v":1,"d":"1.0"},{"v":1,"d":"1.0"}]
["Conj.Irrigação Convencional","Unidade",13,{"v":1,"d":"1.0"},{"v":1.31,"d":"1.3"},{"v":3,"d":"3.0"},{"v":17,"d":"17.0"}]
["Conj.Irrigação Pivot Central","Unidade",1,{"v":1,"d":"1.0"},{"v":1,"d":"1.0"},{"v":1,"d":"1.0"},{"v":1,"d":"1.0"}]
["Conj.Irrigação/Gotejamento/Microaspersão","Unidade",3,{"v":1,"d":"1.0"},{"v":1.67,"d":"1.7"},{"v":2,"d":"2.0"},{"v":5,"d":"5.0"}]
["Conjunto de Fenação","Unidade",1,{"v":2,"d":"2.0"},{"v":2,"d":"2.0"},{"v":2,"d":"2.0"},{"v":2,"d":"2.0"}]
["Desintegrador de Palha (Plantio Direto)","Unidade",2,{"v":1,"d":"1.0"},{"v":1,"d":"1.0"},{"v":1,"d":"1.0"},{"v":2,"d":"2.0"}]
["Desintegrador, Picador, Triturador","Unidade",79,{"v":1,"d":"1.0"},{"v":1.14,"d":"1.1"},{"v":5,"d":"5.0"},{"v":90,"d":"90.0"}]
["Distribuidor de Calcário","Unidade",5,{"v":1,"d":"1.0"},{"v":1,"d":"1.0"},{"v":1,"d":"1.0"},{"v":5,"d":"5.0"}]
["Ensiladeira","Unidade",7,{"v":1,"d":"1.0"},{"v":1.29,"d":"1.3"},{"v":3,"d":"3.0"},{"v":9,"d":"9.0"}]
["Grade Aradora (Tipo Romi)","Unidade",13,{"v":1,"d":"1.0"},{"v":1,"d":"1.0"},{"v":1,"d":"1.0"},{"v":13,"d":"13.0"}]
["Grade Niveladora","Unidade",17,{"v":1,"d":"1.0"},{"v":1.12,"d":"1.1"},{"v":2,"d":"2.0"},{"v":19,"d":"19.0"}]
["Implementos para Tração Animal","Unidade",1,{"v":4,"d":"4.0"},{"v":4,"d":"4.0"},{"v":4,"d":"4.0"},{"v":4,"d":"4.0"}]
["Microtrator","Unidade",25,{"v":1,"d":"1.0"},{"v":1.12,"d":"1.1"},{"v":3,"d":"3.0"},{"v":28,"d":"28.0"}]
["Misturador de Ração","Unidade",13,{"v":1,"d":"1.0"},{"v":1.08,"d":"1.1"},{"v":2,"d":"2.0"},{"v":14,"d":"14.0"}]
["Pulverizador Tratorizado","Unidade",15,{"v":1,"d":"1.0"},{"v":1.33,"d":"1.3"},{"v":2,"d":"2.0"},{"v":20,"d":"20.0"}]
["Resfriador de Leite, Tanque Expansão","Unidade",2,{"v":1,"d":"1.0"},{"v":1,"d":"1.0"},{"v":1,"d":"1.0"},{"v":2,"d":"2.0"}]
["Semeadeira/Adubadeira para Plantio Convencional","Unidade",3,{"v":1,"d":"1.0"},{"v":1,"d":"1.0"},{"v":1,"d":"1.0"},{"v":3,"d":"3.0"}]
["Semeadeira/Plantadeira Plantio Direto","Unidade",10,{"v":1,"d":"1.0"},1.3,{"v":3,"d":"3.0"},{"v":13,"d":"13.0"}]
["Terraceador","Unidade",2,{"v":1,"d":"1.0"},{"v":1,"d":"1.0"},{"v":1,"d":"1.0"},{"v":2,"d":"2.0"}]
["Trator de Esteiras","Unidade",5,{"v":1,"d":"1.0"},{"v":1,"d":"1.0"},{"v":1,"d":"1.0"},{"v":5,"d":"5.0"}]
["Trator de Pneus","Unidade",76,{"v":1,"d":"1.0"},{"v":1.38,"d":"1.4"},{"v":4,"d":"4.0"},{"v":105,"d":"105.0"}]
["Açude/Represa","Unidade",129,{"v":1,"d":"1.0"},{"v":2.02,"d":"2.0"},{"v":9,"d":"9.0"},{"v":260,"d":"260.0"}]
["Almoxarifado/Oficina","Unidade",48,{"v":1,"d":"1.0"},{"v":1.17,"d":"1.2"},{"v":4,"d":"4.0"},{"v":56,"d":"56.0"}]
["Armazém para Grãos Ensacados","Sacas",12,{"v":1,"d":"1.0"},{"v":1.42,"d":"1.4"},{"v":4,"d":"4.0"},{"v":17,"d":"17.0"}]
["Balança para Bovinos","Unidade",5,{"v":1,"d":"1.0"},{"v":1,"d":"1.0"},{"v":1,"d":"1.0"},{"v":5,"d":"5.0"}]
["Balança para Veículos","Unidade",6,{"v":1,"d":"1.0"},{"v":1,"d":"1.0"},{"v":1,"d":"1.0"},{"v":6,"d":"6.0"}]
["Barracão para Cultivo de Cogumelo","Unidade",8,{"v":1,"d":"1.0"},{"v":2.38,"d":"2.4"},{"v":5,"d":"5.0"},{"v":19,"d":"19.0"}]
["Barracão para Granja/Avicultura","Unidade",52,{"v":1,"d":"1.0"},{"v":3.21,"d":"3.2"},{"v":13,"d":"13.0"},{"v":167,"d":"167.0"}]
["Barracão/Galpão/Garagem","Unidade",123,{"v":1,"d":"1.0"},{"v":1.42,"d":"1.4"},{"v":6,"d":"6.0"},{"v":175,"d":"175.0"}]
["Casa de Moradia Habitada","Unidade",182,{"v":1,"d":"1.0"},{"v":4.16,"d":"4.2"},{"v":47,"d":"47.0"},{"v":757,"d":"757.0"}]
["Casa de Moradia Total","Unidade",146,{"v":1,"d":"1.0"},{"v":5.04,"d":"5.0"},{"v":42,"d":"42.0"},{"v":736,"d":"736.0"}]
["Curral/Mangueira","Unidade",96,{"v":1,"d":"1.0"},{"v":1.16,"d":"1.2"},{"v":5,"d":"5.0"},{"v":111,"d":"111.0"}]
["Depósito/Tulha","Unidade",37,{"v":1,"d":"1.0"},{"v":1.19,"d":"1.2"},{"v":4,"d":"4.0"},{"v":44,"d":"44.0"}]
["Engenho","Unidade",9,{"v":1,"d":"1.0"},{"v":1,"d":"1.0"},{"v":1,"d":"1.0"},{"v":9,"d":"9.0"}]
["Estábulo","Unidade",19,{"v":1,"d":"1.0"},{"v":1.84,"d":"1.8"},{"v":9,"d":"9.0"},{"v":35,"d":"35.0"}]
["Estufa/Plasticultura","m²",4,{"v":1,"d":"1.0"},{"v":3.25,"d":"3.3"},{"v":8,"d":"8.0"},{"v":13,"d":"13.0"}]
["Fábrica de Farinha","Unidade",1,{"v":1,"d":"1.0"},{"v":1,"d":"1.0"},{"v":1,"d":"1.0"},{"v":1,"d":"1.0"}]
["Fábrica de Ração","Unidade",8,{"v":1,"d":"1.0"},{"v":1,"d":"1.0"},{"v":1,"d":"1.0"},{"v":8,"d":"8.0"}]
["Instalações para Equinos","Unidade",15,{"v":1,"d":"1.0"},{"v":2.07,"d":"2.1"},{"v":7,"d":"7.0"},{"v":31,"d":"31.0"}]
["Máquina de Benefício","Unidade",5,{"v":1,"d":"1.0"},1.2,{"v":2,"d":"2.0"},{"v":6,"d":"6.0"}]
["Olaria","Unidade",14,{"v":1,"d":"1.0"},{"v":1.93,"d":"1.9"},{"v":5,"d":"5.0"},{"v":27,"d":"27.0"}]
["Pocilga","Unidade",20,{"v":1,"d":"1.0"},{"v":1.55,"d":"1.6"},{"v":12,"d":"12.0"},{"v":31,"d":"31.0"}]
["Poço Semi-Artesiano","Unidade",32,{"v":1,"d":"1.0"},{"v":1.59,"d":"1.6"},{"v":4,"d":"4.0"},{"v":51,"d":"51.0"}]
["Posto Meteorológico","Unidade",1,{"v":1,"d":"1.0"},{"v":1,"d":"1.0"},{"v":1,"d":"1.0"},{"v":1,"d":"1.0"}]
["Secador de Grãos","Unidade",1,{"v":1,"d":"1.0"},{"v":1,"d":"1.0"},{"v":1,"d":"1.0"},{"v":1,"d":"1.0"}]
["Silo para Grãos","t",4,{"v":1,"d":"1.0"},{"v":2.75,"d":"2.8"},{"v":4,"d":"4.0"},{"v":11,"d":"11.0"}]
["Silo para Silagem","t",5,{"v":1,"d":"1.0"},21.4,{"v":100,"d":"100.0"},{"v":107,"d":"107.0"}]
["Terreiro","m²",19,{"v":1,"d":"1.0"},{"v":1.05,"d":"1.1"},{"v":2,"d":"2.0"},{"v":20,"d":"20.0"}]
["Usina de Açúcar/destilaria","Unidade",2,{"v":1,"d":"1.0"},{"v":1,"d":"1.0"},{"v":1,"d":"1.0"},{"v":2,"d":"2.0"}]
["Fonte: Secretaria de Agricultura e Abastecimento, CDRS/IEA, Projeto LUPA."]
[]
["TABELA 96.4 - Outras Estatísticas Agrícolas, Município de Cabreúva, Estado de São Paulo, 2007/08."]
["ITEM","Número de UPAs",null,"Percentual"]
["Faz Parte de Associação de Produtores",28,null,{"v":12.556053811659192,"d":"12.6"}]
["Faz Parte de Cooperativa de Produtores",37,null,{"v":16.591928251121075,"d":"16.6"}]
["Faz Parte do Sindicato de Produtores",22,null,{"v":9.865470852017937,"d":"9.9"}]
["Não utiliza assistência técnica ",72,null,{"v":32.28699551569507,"d":"32.3"}]
["Utiliza somente assistência técnica governamental ",81,null,{"v":36.32286995515695,"d":"36.3"}]
["Utiliza somente assistência técnica privada ",30,null,{"v":13.452914798206278,"d":"13.5"}]
["Utiliza assistência técnica tanto governamental quanto privada",40,null,{"v":17.937219730941706,"d":"17.9"}]
["Utiliza Crédito Rural",7,null,{"v":3.1390134529147984,"d":"3.1"}]
["Utiliza Seguro Rural",2,null,{"v":0.8968609865470852,"d":"0.9"}]
["Utiliza Escrituração Agrícola",95,null,{"v":42.600896860986545,"d":"42.6"}]
["Acessa Internet p/ Fins na Agropecuária",13,null,{"v":5.829596412556055,"d":"5.8"}]
["Utiliza Computador nas Atividades Agropecuárias",31,null,{"v":13.90134529147982,"d":"13.9"}]
["Utiliza Energia Elétrica Para Uso na Atividade Agrícola",208,null,{"v":93.27354260089686,"d":"93.3"}]
["Realiza Análise de Solo, quando necessário",22,null,{"v":9.865470852017937,"d":"9.9"}]
["Utiliza Práticas de Conservação de Solo, quando necessário",80,null,{"v":35.87443946188341,"d":"35.9"}]
["Faz Adubação Mineral, quando necessário",53,null,{"v":23.766816143497756,"d":"23.8"}]
["Faz Adubação Orgânica, quando necessário",55,null,{"v":24.663677130044842,"d":"24.7"}]
["Faz Adubação Verde, quando necessário",25,null,{"v":11.210762331838566,"d":"11.2"}]
["Utiliza Manejo Integrado de Pragas (MIP)","-",null,"-"]
["Utiliza Hidroponia","-",null,"-"]
["Utiliza Plasticultura",24,null,{"v":10.762331838565023,"d":"10.8"}]
["Utiliza Mudas Fiscalizadas",15,null,{"v":6.72645739910314,"d":"6.7"}]
["Utiliza Semente Melhorada",52,null,{"v":23.318385650224215,"d":"23.3"}]
["Faz Confinamento de Bovinos",4,null,{"v":1.7937219730941705,"d":"1.8"}]
["Utiliza Pastejo Intensivo",75,null,{"v":33.63228699551569,"d":"33.6"}]
["Faz Inseminação Artificial",4,null,{"v":1.7937219730941705,"d":"1.8"}]
["Faz Mineralização do Rebanho",110,null,{"v":49.327354260089685,"d":"49.3"}]
["Faz Vermifugação do Rebanho",116,null,{"v":52.01793721973094,"d":"52.0"}]
["Possui Parceiros /Arrendatários na Exploração Animal",16,null,{"v":7.174887892376682,"d":"7.2"}]
["Esporte e lazer",19,null,{"v":8.52017937219731,"d":"8.5"}]
["Extração mineral",1,null,{"v":0.4484304932735426,"d":"0.4"}]
["Hotel Fazenda, Pousada ou SPA",6,null,{"v":2.690582959641256,"d":"2.7"}]
["Pesque-pague",3,null,{"v":1.345291479820628,"d":"1.3"}]
["Restaurante ou Lanchonete",9,null,{"v":4.0358744394618835,"d":"4.0"}]
["Transformação artesanal",2,null,{"v":0.8968609865470852,"d":"0.9"}]
["Turismo rural ou ecoturismo",6,null,{"v":2.690582959641256,"d":"2.7"}]
["Outras atividades econômicas rurais",8,null,{"v":3.587443946188341,"d":"3.6"}]
["Agroindústria","-",null,"-"]
["Proprietário sem instrução ou com instrução incompleta",6,null,{"v":2.690582959641256,"d":"2.7"}]
["Proprietário com antigo primário completo",60,null,{"v":26.905829596412556,"d":"26.9"}]
["Proprietário com 1° grau (ou antigo ginasial) completo",23,null,{"v":10.31390134529148,"d":"10.3"}]
["Proprietário com 2° grau (ou antigo colegial) completo",37,null,{"v":16.591928251121075,"d":"16.6"}]
["Proprietário com curso superior completo ",92,null,{"v":41.25560538116592,"d":"41.3"}]
["Pessoa Jurídica",5,null,{"v":2.2421524663677133,"d":"2.2"}]
["Proprietário residente na própria UPA ",88,null,{"v":39.46188340807175,"d":"39.5"}]
["Fonte: Secretaria de Agricultura e Abastecimento, CDRS/IEA, Projeto LUPA."]
[]
["TABELA 96.5 - Área Cultivada, Município de Cabreúva, Estado de São Paulo, 2007/08."]
["CULTURA","N.DE UPAs","MÍNIMO","MÉDIO","MÁXIMO","TOTAL"]
["Braquiaria",173,0.3,{"v":56.94,"d":"56.9"},{"v":2125,"d":"2,125.0"},{"v":9851.1,"d":"9,851.1"}]
["Eucalipto",86,0.1,{"v":18.52,"d":"18.5"},{"v":202,"d":"202.0"},{"v":1593,"d":"1,593.0"}]
["Milho",28,0.4,{"v":18.64,"d":"18.6"},171.2,{"v":522,"d":"522.0"}]
["Pinus",3,{"v":1,"d":"1.0"},{"v":81.33,"d":"81.3"},{"v":242,"d":"242.0"},{"v":244,"d":"244.0"}]
["Limao",2,{"v":2,"d":"2.0"},96.5,{"v":191,"d":"191.0"},{"v":193,"d":"193.0"}]
["Coloniao",4,1.2,{"v":26.55,"d":"26.6"},{"v":73,"d":"73.0"},106.2]
["Gramas",6,0.5,{"v":16.72,"d":"16.7"},66.5,100.3]
["Cana-de-acucar",15,0.2,{"v":5.31,"d":"5.3"},24.2,79.6]
["Alface",8,0.5,{"v":5.05,"d":"5.1"},{"v":15,"d":"15.0"},40.4]
["Capim-gordura",2,{"v":7,"d":"7.0"},18.5,{"v":30,"d":"30.0"},{"v":37,"d":"37.0"}]
["Feijao",9,0.5,{"v":2.81,"d":"2.8"},15.1,25.3]
["Morango",6,0.5,{"v":4.12,"d":"4.1"},{"v":10,"d":"10.0"},24.7]
["Brocolos (ou brocolis)",1,{"v":20,"d":"20.0"},{"v":20,"d":"20.0"},{"v":20,"d":"20.0"},{"v":20,"d":"20.0"}]
["Laranja",8,0.5,{"v":2.06,"d":"2.1"},{"v":5,"d":"5.0"},16.5]
["Viveiro de flores e ornamentais",1,{"v":14,"d":"14.0"},{"v":14,"d":"14.0"},{"v":14,"d":"14.0"},{"v":14,"d":"14.0"}]
["Outras olericolas",5,{"v":1,"d":"1.0"},2.7,5.1,13.5]
["Capim-napier (ou capim-elefante)",4,0.3,{"v":2.75,"d":"2.8"},9.6,{"v":11,"d":"11.0"}]
["Quiabo",3,{"v":1,"d":"1.0"},{"v":2.87,"d":"2.9"},{"v":4,"d":"4.0"},8.6]
["Uva rustica",3,0.2,{"v":2.73,"d":"2.7"},{"v":6,"d":"6.0"},8.2]
["Mandioca",4,0.5,{"v":2.05,"d":"2.1"},5.7,8.2]
["Outras gramineas para pastagem",3,{"v":1,"d":"1.0"},{"v":2,"d":"2.0"},{"v":3,"d":"3.0"},{"v":6,"d":"6.0"}]
["Couve-flor",2,0.5,{"v":2.75,"d":"2.8"},{"v":5,"d":"5.0"},5.5]
["Tangerina",2,{"v":2,"d":"2.0"},2.5,{"v":3,"d":"3.0"},{"v":5,"d":"5.0"}]
["Mandioquinha",1,4.8,4.8,4.8,4.8]
["Pomar domestico",10,0.1,{"v":0.47,"d":"0.5"},{"v":1,"d":"1.0"},4.7]
["Outras florestais",1,{"v":4,"d":"4.0"},{"v":4,"d":"4.0"},{"v":4,"d":"4.0"},{"v":4,"d":"4.0"}]
["Manga",1,{"v":4,"d":"4.0"},{"v":4,"d":"4.0"},{"v":4,"d":"4.0"},{"v":4,"d":"4.0"}]
["Caqui",1,3.6,3.6,3.6,3.6]
["Abobora (ou jerimum)",2,{"v":1,"d":"1.0"},1.7,2.4,3.4]
["Cogumelo",5,0.2,0.6,{"v":1,"d":"1.0"},{"v":3,"d":"3.0"}]
["Tomate envarado",1,{"v":2,"d":"2.0"},{"v":2,"d":"2.0"},{"v":2,"d":"2.0"},{"v":2,"d":"2.0"}]
["Uva fina",2,0.5,{"v":0.75,"d":"0.8"},{"v":1,"d":"1.0"},1.5]
["Ervilha",2,0.5,{"v":0.75,"d":"0.8"},{"v":1,"d":"1.0"},1.5]
["Goiaba",1,{"v":1,"d":"1.0"},{"v":1,"d":"1.0"},{"v":1,"d":"1.0"},{"v":1,"d":"1.0"}]
["Milho-doce",1,{"v":1,"d":"1.0"},{"v":1,"d":"1.0"},{"v":1,"d":"1.0"},{"v":1,"d":"1.0"}]
["Feijao-vagem (ou vagem, ou feijao-verde)",1,{"v":1,"d":"1.0"},{"v":1,"d":"1.0"},{"v":1,"d":"1.0"},{"v":1,"d":"1.0"}]
["Pepino",1,0.5,0.5,0.5,0.5]
["Tomate rasteiro",1,0.5,0.5,0.5,0.5]
["Roma",1,0.5,0.5,0.5,0.5]
["Banana",1,0.2,0.2,0.2,0.2]
["Horta domestica",1,0.2,0.2,0.2,0.2]
["Feijao-guandu (ou guandu, ou andu)",1,0.1,0.1,0.1,0.1]
["Fonte: Secretaria de Agricultura e Abastecimento, CDRS/IEA, Projeto LUPA."]